000 01339cam a22003857a 4500
003 CHAP
005 20220329141309.0
008 971010s1980 r 00010 d
010 _a65976
011 _a66948
035 _a75933
040 _cCHAP
090 _aTesis
100 0 0 _aSerrato Cruz, Miguel Angel.
_9105270
245 1 3 _aLa utilización del cultivo de tejidos en el mejoramiento del género Rosa
260 _aChapingo, Méx. :
_bEl autor,
_c1980
300 _a106 h.
_b: ilus. ; láms. ; gráfs.
502 _aTesis (Ing. Agr. Esp. en Fitotecnia) -- UACH. Departamento de Fitotecnia
590 _aALEPH
_b10
_c20130110
_lUCH01
_h1400
590 _aBATCH-UPD
_b10
_c20130110
_lUCH01
_h0611
590 _aBATCH-UPD
_b10
_c20130110
_lUCH01
_h2326
590 _aBATCH-UPD
_b10
_c20130410
_lUCH01
_h0253
590 _aBATCH-UPD
_b10
_c20130914
_lUCH01
_h1115
590 _aCONVERSION
_b10
_c20130109
_lUCH01
_h1336
650 1 4 _aCultivo de tejidos.
_930213
650 1 4 _aRosas
_xCitología.
_999962
650 1 4 _aRosas
_xMejoramiento.
_999977
650 1 4 _aRosas
_xPropagación.
_999986
901 _aBK
942 _cFOLL
949 _bBC
_cTES
_d-137181
_eTS1
_i75933
_si
949 _bBC
_cTES
_d-137182
_eTS2
_fc.2
_i75933
_si
949 _bBC
_cTES
_d-137183
_eTS2
_fc.3
_h21895
_i75933
_si
949 _bZA
_cTESBD
_d-8936
_eTS1
_h251
_i75933
_si
999 _c65976
_d65976